| 000 | 00742nam a22001577a 4500 | ||
|---|---|---|---|
| 003 | OSt | ||
| 005 | 20151003165429.0 | ||
| 008 | 151003b xxu||||| |||| 00| 0 eng d | ||
| 040 | _cRUA | ||
| 082 | _aAVM UK 1998 B071 Or.1 | ||
| 100 |
_91949 _aUK, PEOV. |
||
| 245 | _aTechnical and economical aspects of household pig raising as cash income generation in siem reap province, ទិដ្ឋភាពបច្ចេកទេស និងសេដ្ឋកិច្ច លើការចិញ្ចឹមជ្រូកដែលជាប្រភពចំណូលប្រចាំគ្រួសារក្នុងខេត្តសៀមរាប | ||
| 260 |
_aPhnom Penh _bRUA _c1998 |
||
| 300 |
_a53p. _bill. _c29cm. |
||
| 942 |
_2ddc _cATMSP |
||
| 999 |
_c1843 _d1843 |
||